Meilleurs Buteurs de Ligue 1 de L'Histoire - Statistiques

Statistiques générales
  • Ce quiz a été pris 156 fois
  • Le résultat moyen est 4 sur 15
Statistiques - réponses
Pays Meilleure Note Clubs Réponse Buts Matchs Joués % Correct
4 France 93 Monaco-PSG Kylian Mbappé 191 246
93%
9 France 85 Lyon Alexandre Lacazette 158 265
69%
14 France 90 Nancy-Saint--Étienne Michel Platini 139 255
43%
10 France 89 Marseille-Bordeaux Jean-Pierre Papin 156 270
39%
2 France 80 Lyon-Saint--Étienne-Bordeaux Bernard Lacombe 254 492
29%
1 Argentine 77 Reims-Monaco-Tours-Toulon Delio Onnis 299 449
23%
13 France 77 Saint--Étienne-PSG-Toulouse Dominique Rocheteau 145 417
22%
12 Croatie 83 Marseille Joško Skoblar 150 174
22%
7 France 82 Bordeaux-Marseille Alain Giresse 163 586
20%
5 France 79 Lyon-Red Star Fleury Di Nallo 186 419
20%
6 Argentine 77 Reims-PSG-Strasbourg Carlos Bianchi 179 220
10%
3 France 78 Nice-Saint--Étienne Hervé Revelli 213 388
9%
15 Mali 78 Saint--Étienne-Marseille Keita 135 169
9%
8 France 85 Sochaux-Saint--Étienne-Lille-Lyon-Rennes André Guy 158 269
3%
11 France 75 Red Star-Nîmes-Bastia-Reims-Laval-Strasbourg-Bordeaux-Montpellier Jacky Vergnes 153 327
1%
Aucun quiz correspondant
Distribution des résultats
% des personnes avec chaque résultat
Percentile par nombre de réponses
Votre historique - résultats
Vous n’avez pas pris ce quiz